| 000 | 01248nam a2200253Ia 4500 | ||
|---|---|---|---|
| 999 |
_c41558 _d41558 |
||
| 001 | 8226 | ||
| 003 | GE_BSU | ||
| 005 | 20240408142255.0 | ||
| 008 | 181216s2010||||ge |||||||||||||| ||geo|| | ||
| 020 | _a9789941913303 | ||
| 040 | _cGE_BSU | ||
| 041 | _ageo | ||
| 080 | _a336.14(479.22)(042.4) მ–58 | ||
| 100 |
_aმესხია, იაკობ _921738 |
||
| 245 |
_aსაქართველოს საბიუჯეტო სისტემა : _bლექციების კურსი / _c იაკობ მესხია, კახაბერ გაბელაშვილი ; რედ. რევაზ ხარებავა. |
||
| 264 |
_aთბილისი : _bინოვაცია, _c2010. |
||
| 300 |
_a232 გვ. ; _c20 სმ. _eცხრილები. |
||
| 500 | _aდანართები : გვ. 217-231 | ||
| 504 | _aბიბლიოგრაფია : გვ. 205-206 | ||
| 653 | _aსაქართველოს საბიუჯეტო სისტემა | ||
| 700 |
_aგაბელაშვილი, კახაბერ _eავტორი _921739 |
||
| 700 |
_aხარებავა, რევაზ _eრედაქტორი _914841 |
||
| 942 |
_cBK _2udc |
||